Recoil Inducing Pokemon Moves - Statistics

General Stats
  • This quiz has been taken 18 times
  • The average score is 11 of 13
Answer Stats
Type Gen Move % Correct
Flying 4 Brave Bird
100%
Normal 1 Double-Edge
100%
Fire 4 Flare Blitz
100%
Rock 4 Head Smash
100%
Normal 1 Take Down
100%
Electric 5 Wild Charge
100%
Grass 4 Wood Hammer
93%
Fighting 1 Submission
86%
Electric 3 Volt Tackle
86%
Normal 5 Head Charge
79%
Water 8 Wave Crash
79%
Fairy 6 Light of Ruin
50%
Normal 1 Struggle
7%
No matching quizzes found
Score Distribution
Percent of People with Each Score
Percentile by Number Answered
Your Score History
You have not taken this quiz